Les affaires étrangères

সংরক্ষণ করুন:
গ্রন্থ-পঞ্জীর বিবরন
প্রধান লেখক: Basdevant, J (Author), Berger, G (Author), Bourbon-Busset, J. de (Author), Byé, M (Author), Colliard, C. A (Author), Dufour, J (Author), Duroselle, Jean-Baptiste (Author), Ehrmann, W (Author), Einaudi, M (Author), Gros, A (Author), Guiral, P (Author), Lebel, Cl (Author), Noel, L (Author), Perroux, F (Author), Reuter, P (Author), Schuman, R (Author), Schumann, M (Author), Trotabas, L (Author), Virally, M (Author)
বিন্যাস: গ্রন্থ
ভাষা:ফরাসি
প্রকাশিত: París Universitaires de France 1959
বিষয়গুলি:
ট্যাগগুলো: ট্যাগ যুক্ত করুন
কোনো ট্যাগ নেই, প্রথমজন হিসাবে ট্যাগ করুন!

MARC

LEADER 00000nam a2200000 a 4500
001 UCO4145
003 CL-VaPUC
008 000728e19590000FR |||||||||||||||||fre|d
082 0 4 |a 327  |b BAS  |2 21 
100 0 |a Basdevant, J  |e author  |9 448316 
700 0 |a Berger, G  |e author  |9 448317 
700 0 |a Bourbon-Busset, J. de  |e author  |9 448318 
700 0 |a Byé, M  |e author  |9 448319 
700 0 |a Colliard, C. A  |e author  |9 448320 
700 0 |a Dufour, J  |e author  |9 448321 
700 0 |a Duroselle, Jean-Baptiste  |e author  |9 448322 
700 0 |a Ehrmann, W  |e author  |9 448323 
700 0 |a Einaudi, M  |e author  |9 448324 
700 0 |a Gros, A  |e author  |9 448325 
700 0 |a Guiral, P  |e author  |9 448326 
700 0 |a Lebel, Cl  |e author  |9 448327 
700 0 |a Noel, L  |e author  |9 448328 
700 0 |a Perroux, F  |e author  |9 448329 
700 0 |a Reuter, P  |e author  |9 448330 
700 0 |a Schuman, R  |e author  |9 448331 
700 0 |a Schumann, M  |e author  |9 448332 
700 0 |a Trotabas, L  |e author  |9 448333 
700 0 |a Virally, M  |e author  |9 448334 
245 1 4 |a Les affaires étrangères 
300 |a pag. irreg 
942 |c BK 
945 |d 20000728 00:00:00  |a crobeson 
260 |a París  |b Universitaires de France  |c 1959 
650 0 |a Política exterior   |9 316628 
650 0 |a Relaciones Internacionales  |9 255740 
650 0 |a Diplomacia  |9 256483 
583 |a last modification  |c 20000728 00:00:00  |k Rodrigo Vera 
999 |c 290219  |d 290217 
952 |0 0  |1 0  |4 0  |6 327_000000000000000_BAS_1959  |7 0  |8 A  |9 339514  |a BIBHIS  |b BIBHIS  |d 2019-11-20  |i 1211072  |o 327 BAS 1959  |p 1211072  |r 2025-01-20  |w 2019-11-20  |y BK  |k HIS